000 00695cam a2200205 i 4500
005 20251204081002.0
008 250721s2004 jo gr 000 0 ara d
082 1 4 _a214.3
_bع ب د
100 1 _aعبدالله، محمد محمود
_eمؤلف.
245 1 0 _aموسوعة معجزات الأنبياء /
_cتأليف محمد محمود عبد الله.
264 3 1 _aعمان :
_bدارأسامة للنشر و التوزيع،
_c2004.
300 _a248 صفحة.
650 1 7 _aالمعجزات.
650 1 7 _aالإيمان.
650 1 7 _aالإسلام.
650 1 7 _aالموسوعات.
650 1 7 _aالأنبياء.
942 _2ddc
_cBK
999 _c93017
_d93017